Cheese Quiz - Statistics

General Stats
  • This quiz has been taken 94 times
  • The average score is 7 of 10
Answer Stats
Picture Answer % Correct
Mozzarella
89%
Cheddar
88%
Blue Cheese
84%
Parmesan
82%
Feta
78%
Gouda
74%
Cottage Cheese
71%
Halloumi
48%
Camembert
39%
Edam
37%
No matching quizzes found
Score Distribution
Percent of People with Each Score
Percentile by Number Answered
Your Score History
You have not taken this quiz